[Event "Mondiale Lampo FIDE 2019"]
[Site "Mosca"]
[Date "30.12.2019"]
[Round "17.95"]
[White "Mikhailovsky, Vladimir"]
[Black "Tengis, Tsog-Ochir"]
[Result "0-1"]
[WhiteTitle "CM"]
[BlackTitle "FM"]
[WhiteElo "2209"]
[BlackElo "2190"]
[WhiteFideId "34105414"]
[BlackFideId "4902718"]
[EventDate "2019.12.29"]

1. e4 e5 2. Nf3 Nc6 3. Bb5 Nf6 4. d3 Bc5 5. O-O d6 6. h3 O-O 7. c3 h6 8. a4 a5
9. Na3 Ba7 10. Be3 Ne7 11. Qe2 Ng6 12. Bc4 Be6 13. Nd2 c6 14. Bxe6 fxe6 15. Bxa7
Rxa7 16. g3 Ra8 17. Nac4 Qe7 18. Kh2 d5 19. Ne3 Rad8 20. f4 exf4 21. gxf4 dxe4
22. Nxe4 Nxe4 23. dxe4 Nxf4 24. Qg4 Rd2+ 25. Kh1 Qg5 26. Qxg5 hxg5 27. Nc4 Rd3
28. Nxa5 Rxh3+ 29. Kg1 Rf6 30. Nxb7 Ne2+ 31. Kg2 Rg3+ 0-1

[Event "Mondiale Lampo FIDE 2019"]
[Site "Mosca"]
[Date "30.12.2019"]
[Round "17.96"]
[White "Makarian, Rudik"]
[Black "Gutenev, Alexander"]
[Result "0-1"]
[WhiteTitle "IM"]
[BlackTitle "IM"]
[WhiteElo "2397"]
[BlackElo "2469"]
[WhiteFideId "44105681"]
[BlackFideId "4195540"]
[EventDate "2019.12.29"]

1. d4 Nf6 2. c4 g6 3. Nf3 Bg7 4. Nc3 d5 5. g3 O-O 6. Bg2 dxc4 7. O-O c6 8. e4
Bg4 9. Be3 Nfd7 10. h3 Bxf3 11. Qxf3 e5 12. dxe5 Nxe5 13. Qe2 Qd3 14. Rad1 Qxe2
15. Nxe2 Nbd7 16. f4 Nd3 17. b3 Nb6 18. e5 Rfd8 19. Be4 Bf8 20. Bxb6 axb6 21.
bxc4 Nb2 22. Rxd8 Rxd8 23. Rc1 Bc5+ 24. Kg2 Rd2 25. Kf3 Kf8 26. g4 h6 27. f5
gxf5 28. gxf5 Nd3 29. Bxd3 Rxd3+ 30. Kg4 Re3 31. Nf4 Rxe5 32. Rd1 Ke7 33. Nh5
Re4+ 34. Kf3 Rxc4 35. f6+ Ke6 36. Re1+ Kf5 37. Re7 Rc3+ 38. Ke2 Rxh3 39. Rxf7
Rxh5 40. Rxb7 Kxf6 41. Rc7 Rh2+ 42. Kf3 Rxa2 43. Rxc6+ 0-1

[Event "Mondiale Lampo FIDE 2019"]
[Site "Mosca"]
[Date "30.12.2019"]
[Round "17.97"]
[White "Zarubitski, Viachaslau"]
[Black "Belousov, Danila"]
[Result "0-1"]
[WhiteTitle "IM"]
[BlackTitle "FM"]
[WhiteElo "2451"]
[BlackElo "2274"]
[WhiteFideId "13509373"]
[BlackFideId "4167350"]
[EventDate "2019.12.29"]

1. a3 e5 2. c4 g6 3. Nc3 Bg7 4. g3 h5 5. h4 d6 6. Bg2 Nc6 7. d3 Be6 8. Bd2 Qd7
9. b4 Nh6 10. b5 Nd8 11. Nf3 O-O 12. a4 Bg4 13. Qc1 Nf5 14. Nh2 Nd4 15. Nxg4
Qxg4 16. Qd1 Qd7 17. e3 N4e6 18. Qc2 Nc5 19. O-O Nde6 20. Rab1 Kh7 21. Ne2 f5
22. f4 Rae8 23. Bc3 exf4 24. Bxg7 Qxg7 25. d4 Ne4 26. Bxe4 fxe4 27. Nxf4 Nxf4
28. Rxf4 Rxf4 29. gxf4 Qf6 30. Qf2 b6 31. Kh2 a6 32. bxa6 Ra8 33. Rb5 Rxa6 34.
f5 Kg7 35. Kh3 Rxa4 36. Qg3 Ra5 37. Rxa5 bxa5 38. fxg6 Qf3 39. Qxf3 exf3 40. e4
a4 41. e5 dxe5 42. d5 a3 43. c5 f2 44. Kg2 a2 45. d6 f1=Q+ 46. Kxf1 a1=Q+ 0-1

[Event "Mondiale Lampo FIDE 2019"]
[Site "Mosca"]
[Date "30.12.2019"]
[Round "17.98"]
[White "Miranda Neto, Jayme Amorim"]
[Black "Tissir, Mohamed"]
[Result "0-1"]
[WhiteTitle "CM"]
[BlackTitle "IM"]
[WhiteElo "2102"]
[BlackElo "2379"]
[WhiteFideId "2115964"]
[BlackFideId "9000240"]
[EventDate "2019.12.29"]

1. d4 e6 2. Nf3 Ne7 3. e3 g6 4. Be2 Bg7 5. O-O O-O 6. b3 b6 7. Bb2 Bb7 8. c4 c5
9. Nbd2 Nf5 10. Qc2 Nc6 11. dxc5 bxc5 12. Bxg7 Kxg7 13. Ne4 Qe7 14. Qb2+ e5 15.
Rfd1 h5 16. Rd2 d6 17. Rad1 Rad8 18. Nc3 Nb8 19. Nd5 Bxd5 20. Rxd5 Nd7 21. Qa3
Nf6 22. R5d2 Ne4 23. Rc2 Nh6 24. Nd2 Ng5 25. Qa6 f5 26. f3 Ngf7 27. Nb1 e4 28.
f4 g5 29. g3 h4 30. Nc3 hxg3 31. hxg3 gxf4 32. gxf4 Rg8 33. Kf1 Qh4 34. Rd5 Kh8
35. Qxa7 Qh1+ 36. Kf2 Qg1# 0-1

[Event "Mondiale Lampo FIDE 2019"]
[Site "Mosca"]
[Date "30.12.2019"]
[Round "17.99"]
[White "Usov, Aleksandr E."]
[Black "Al Ghamdi, Ahmed M"]
[Result "0-1"]
[BlackTitle "CM"]
[WhiteElo "2012"]
[BlackElo "2107"]
[WhiteFideId "24257109"]
[BlackFideId "21500150"]
[EventDate "2019.12.29"]

1. e4 e5 2. Nf3 Nc6 3. d4 exd4 4. Bc4 Nf6 5. e5 d5 6. Bb5 Ne4 7. Nxd4 Bd7 8.
Bxc6 bxc6 9. O-O Bc5 10. f3 Ng5 11. Be3 Bb6 12. f4 Ne4 13. Nd2 c5 14. N4f3 Nxd2
15. Qxd2 d4 16. Bf2 Bc6 17. f5 Qd5 18. Bh4 Kd7 19. c4 Qxc4 20. e6+ Kc8 21. Ne5
Qd5 22. Nxc6 Qxc6 23. exf7 Rf8 24. Qe2 Rxf7 25. Qe6+ Qd7 26. Qe4 c6 27. a4 a5
28. Ra3 Kb7 29. Qd3 Raf8 30. f6 gxf6 31. Rb3 Qd5 32. Rf5 c4 33. Qf1 Qe6 34.
Rxb6+ Kxb6 35. Be1 Ra7 36. Bf2 c5 37. Rh5 Rg8 38. g3 Rg5 39. Rh4 Rf5 40. Qg2 Qd5
41. Qf1 Re7 42. Rg4 Re3 43. Qg2 Qxg2+ 0-1

[Event "Mondiale Lampo FIDE 2019"]
[Site "Mosca"]
[Date "30.12.2019"]
[Round "17.100"]
[White "Mozharov, Mikhail"]
[Black "Al Nhier, Hamoud"]
[Result "1-0"]
[WhiteTitle "GM"]
[BlackTitle "FM"]
[WhiteElo "2558"]
[BlackElo "1934"]
[WhiteFideId "4189825"]
[BlackFideId "21500045"]
[EventDate "2019.12.29"]

1. d4 Nf6 2. c4 e6 3. Nf3 d5 4. Nc3 Nbd7 5. Bf4 Bb4 6. e3 O-O 7. Rc1 c5 8. dxc5
Nxc5 9. Be2 Nce4 10. O-O Nxc3 11. bxc3 Bd6 12. Bg5 Be7 13. Qb3 dxc4 14. Bxc4 Ne4
15. Rfd1 Bxg5 16. Rxd8 Bxd8 17. Qb4 Nf6 18. Bb5 a6 19. Be2 b6 20. c4 Nd7 21. Nd4
Bc7 22. Bf3 Rb8 23. Nc6 Rb7 24. Ne7+ Kh8 25. Nxc8 1-0

[Event "Mondiale Lampo FIDE 2019"]
[Site "Mosca"]
[Date "30.12.2019"]
[Round "17.101"]
[White "Studer, Noel"]
[Black "Al Mutairi, Hassan S"]
[Result "1-0"]
[WhiteTitle "GM"]
[BlackTitle "CM"]
[WhiteElo "2546"]
[BlackElo "1883"]
[WhiteFideId "1319620"]
[BlackFideId "21500193"]
[EventDate "2019.12.29"]

1. d4 d5 2. c4 Bf5 3. cxd5 Bxb1 4. Rxb1 Qxd5 5. Nf3 Nc6 6. e3 e5 7. dxe5 Qxa2 8.
Bd2 O-O-O 9. Be2 Bb4 10. Qc2 Nge7 11. O-O Bxd2 12. Nxd2 Qd5 13. Nb3 Qxe5 14.
Rfc1 f5 15. Nc5 Kb8 16. Qb3 b6 17. Na6+ Ka8 18. Bf3 Rd6 19. Nxc7+ Kb7 20. Nb5
Rd7 21. Nd4 Rc8 22. Qa4 Qd6 23. Nb5 Qe5 24. Qxa7# 1-0

[Event "Mondiale Lampo FIDE 2019"]
[Site "Mosca"]
[Date "30.12.2019"]
[Round "17.102"]
[White "Thing, Bibek"]
[Black "Al Thebaiti, Ahmed M"]
[Result "1-0"]
[WhiteTitle "CM"]
[BlackTitle "CM"]
[WhiteElo "2222"]
[BlackElo "1976"]
[WhiteFideId "12303135"]
[BlackFideId "21502390"]
[EventDate "2019.12.29"]

1. a3 Nf6 2. g3 d5 3. Bg2 c6 4. Nf3 Bg4 5. O-O e6 6. c4 Nbd7 7. b4 a5 8. cxd5
exd5 9. b5 cxb5 10. Bb2 Bd6 11. Qb3 b4 12. axb4 Bxb4 13. Nc3 O-O 14. Nxd5 Nxd5
15. Qxd5 Nc5 16. Qxd8 Rfxd8 17. d4 Ne6 18. e3 Rab8 19. Ne5 Be2 20. Rfc1 Ba6 21.
Ba3 Rbc8 22. Bxb4 axb4 23. Rcb1 f6 24. Bh3 Rd6 25. d5 fxe5 26. Bxe6+ Rxe6 27.
dxe6 Kf8 28. Rc1 Re8 29. Rab1 Rxe6 30. Rxb4 Rd6 31. Rc5 Rd1+ 32. Kg2 Bf1+ 33.
Kf3 Re1 1-0

[Event "Mondiale Lampo FIDE 2019"]
[Site "Mosca"]
[Date "30.12.2019"]
[Round "17.103"]
[White "Masrahi, Abdulrahman A"]
[Black "Mamatov, Melis"]
[Result "0-1"]
[WhiteTitle "CM"]
[WhiteElo "1956"]
[BlackElo "2292"]
[WhiteFideId "21501564"]
[BlackFideId "13800027"]
[EventDate "2019.12.29"]

1. d4 d5 2. Bf4 Nf6 3. e3 g6 4. Nf3 Bg7 5. Be2 c5 6. c3 Nc6 7. Nbd2 Bf5 8. Ne5
Nxe5 9. Bxe5 b6 10. g4 Be6 11. g5 Nh5 12. Bxh5 Bxe5 13. dxe5 gxh5 14. Qxh5 d4
15. Rd1 dxc3 16. bxc3 Qd3 17. Qe2 Qxc3 18. O-O Qxe5 19. f4 Qc7 20. f5 Bd7 21. e4
O-O-O 22. f6 exf6 23. Rxf6 Rhg8 24. Nf3 Bg4 25. Rxd8+ Qxd8 26. Qa6+ Kb8 27. Rxf7
Qd1+ 28. Kf2 Bd7 29. Ne5 Qd4+ 30. Kf3 Qxe5 31. Rxd7 Rf8+ 32. Kg4 Rf4+ 33. Kh5
Qe8+ 0-1

[Event "Mondiale Lampo FIDE 2019"]
[Site "Mosca"]
[Date "30.12.2019"]
[Round "18.3"]
[White "Grischuk, Alexander"]
[Black "Duda, Jan-Krzysztof"]
[Result "1-0"]
[WhiteTitle "GM"]
[BlackTitle "GM"]
[WhiteElo "2777"]
[BlackElo "2758"]
[WhiteFideId "4126025"]
[BlackFideId "1170546"]
[EventDate "2019.12.29"]

1. d4 Nf6 2. c4 e6 3. Nf3 b6 4. g3 Bb7 5. Bg2 Be7 6. Nc3 Ne4 7. Bd2 O-O 8. d5
Nxc3 9. Bxc3 Bf6 10. Nd4 c5 11. Nb5 Bxc3+ 12. Nxc3 d6 13. O-O e5 14. f4 exf4 15.
gxf4 Nd7 16. e4 a6 17. Qg4 b5 18. Rae1 b4 19. Ne2 f5 20. Qh3 fxe4 21. Bxe4 Nf6
22. Bf5 Bc8 23. Be6+ Bxe6 24. dxe6 d5 25. Rd1 d4 26. Nc1 Qd6 27. Nd3 Rae8 28.
Rde1 Re7 29. Re5 Rc8 30. Rfe1 a5 31. Qf5 Rf8 32. Rxc5 Nd7 33. Rd5 Qb8 34. exd7
Rxe1+ 35. Nxe1 Rxf5 36. d8=Q+ 1-0

[Event "Mondiale Lampo FIDE 2019"]
[Site "Mosca"]
[Date "30.12.2019"]
[Round "18.4"]
[White "Giri, Anish"]
[Black "Firouzja, Alireza"]
[Result "0-1"]
[WhiteTitle "GM"]
[BlackTitle "GM"]
[WhiteElo "2769"]
[BlackElo "2723"]
[WhiteFideId "24116068"]
[BlackFideId "12573981"]
[EventDate "2019.12.29"]

1. Nf3 Nf6 2. c4 g6 3. Nc3 Bg7 4. e4 d6 5. d4 O-O 6. Be2 e5 7. O-O Nc6 8. dxe5
Nxe5 9. Nxe5 dxe5 10. Be3 Be6 11. Qc2 c6 12. b4 Re8 13. Rfd1 Qc8 14. h3 h5 15.
Rab1 Kh7 16. a4 Bh6 17. Bxh6 Kxh6 18. Qc1+ Kg7 19. a5 Qc7 20. Qe3 b6 21. a6 Rad8
22. c5 b5 23. Rd6 Rxd6 24. cxd6 Qb6 25. Qxb6 axb6 26. Bxb5 cxb5 27. Nxb5 Ra8 28.
Nc7 Ra7 29. f3 Bd7 30. Rc1 Kf8 31. b5 Ng8 32. Kf2 f6 33. h4 Nh6 34. Nd5 Nf7 35.
Nxb6 Bxb5 36. Rc8+ Kg7 37. Rc5 Bxa6 38. d7 Rb7 39. Rc6 Bb5 40. Rd6 Rb8 41. Rd5
Rxb6 0-1

[Event "Mondiale Lampo FIDE 2019"]
[Site "Mosca"]
[Date "30.12.2019"]
[Round "18.5"]
[White "Yu, Yangyi"]
[Black "Matlakov, Maxim"]
[Result "1-0"]
[WhiteTitle "GM"]
[BlackTitle "GM"]
[WhiteElo "2738"]
[BlackElo "2699"]
[WhiteFideId "8603820"]
[BlackFideId "4168003"]
[EventDate "2019.12.29"]

1. e4 e5 2. Nf3 Nc6 3. Nc3 Nf6 4. Bb5 Nd4 5. Nxe5 Qe7 6. f4 Nxb5 7. Nxb5 d6 8.
Nf3 Qxe4+ 9. Kf2 Ng4+ 10. Kg3 Qg6 11. Nh4 Qf6 12. h3 g5 13. Qe2+ Ne5 14. Nf3
gxf4+ 15. Kh2 Kd8 16. d4 Nxf3+ 17. Qxf3 Bh6 18. Rf1 a6 19. Nc3 Qxd4 20. Ne2 Qe5
21. Bxf4 Bxf4+ 22. Nxf4 Re8 23. Rae1 Qxe1 24. Rxe1 Rxe1 25. Qg3 Re5 26. Qh4+ Kd7
27. Qxh7 Kc6 28. Qg8 b5 29. Qxf7 Bf5 30. c4 Be4 31. Ne6 Rc8 32. b3 bxc4 33. bxc4
Kb7 34. g4 Bc6 35. Qf6 Re2+ 36. Kg3 Re3+ 37. Kh4 Bg2 38. Qb2+ Ka7 39. Qd4+ 1-0

[Event "Mondiale Lampo FIDE 2019"]
[Site "Mosca"]
[Date "30.12.2019"]
[Round "18.6"]
[White "Dubov, Daniil"]
[Black "Vidit, Santosh Gujrathi"]
[Result "0-1"]
[WhiteTitle "GM"]
[BlackTitle "GM"]
[WhiteElo "2690"]
[BlackElo "2721"]
[WhiteFideId "24126055"]
[BlackFideId "5029465"]
[EventDate "2019.12.29"]

1. c4 c5 2. Nf3 Nc6 3. d4 cxd4 4. Nxd4 Nf6 5. Nc3 e6 6. g3 Qb6 7. Nb3 Ne5 8. Bg2
Nxc4 9. O-O d6 10. e4 Bd7 11. a4 Rc8 12. a5 Qd8 13. a6 b5 14. Nd4 b4 15. Na4 Be7
16. b3 Ne5 17. Be3 O-O 18. h3 Ng6 19. Qd2 d5 20. exd5 Nxd5 21. Bxd5 exd5 22.
Rfc1 Rxc1+ 23. Rxc1 Qa5 24. Qe2 Rc8 25. h4 Rxc1+ 26. Bxc1 Bf6 27. Be3 Bxa4 28.
bxa4 Qxa4 29. Kg2 b3 30. Nb5 b2 31. Qd3 Qc4 32. Qxc4 dxc4 33. Na3 c3 34. Bxa7 c2
35. Be3 b1=Q 0-1

[Event "Mondiale Lampo FIDE 2019"]
[Site "Mosca"]
[Date "30.12.2019"]
[Round "18.7"]
[White "Artemiev, Vladislav"]
[Black "Nihal, Sarin"]
[Result "1-0"]
[WhiteTitle "GM"]
[BlackTitle "GM"]
[WhiteElo "2731"]
[BlackElo "2612"]
[WhiteFideId "24101605"]
[BlackFideId "25092340"]
[EventDate "2019.12.29"]

1. Nf3 d5 2. b3 Bg4 3. e3 Nd7 4. h3 Bh5 5. Bb2 Ngf6 6. d3 e6 7. g4 Bg6 8. Nh4 a5
9. a3 Bd6 10. Bg2 O-O 11. Nd2 c6 12. O-O e5 13. Nxg6 hxg6 14. c4 Re8 15. g5 Nh7
16. cxd5 Nxg5 17. dxc6 bxc6 18. Rc1 Rc8 19. Qg4 Nc5 20. Qc4 Nge6 21. Rfd1 Bf8
22. Nf3 Qb6 23. Nxe5 Nxb3 24. Rb1 Nbc5 25. d4 Nb7 26. Ba1 Qc7 27. Qxc6 Nd6 28.
Qxc7 Rxc7 29. Nc6 a4 30. Rdc1 Nf5 31. Rc4 Bxa3 32. Rxa4 Bd6 33. d5 Ng5 34. h4
Nh7 35. e4 Nxh4 36. e5 Nxg2 37. exd6 Rd7 38. Kxg2 Rxd6 39. Rd1 Nf6 40. Bxf6 gxf6
41. Na5 Ra8 42. Nc4 Rxa4 43. Nxd6 Kf8 44. Nb7 Rb4 45. d6 1-0

[Event "Mondiale Lampo FIDE 2019"]
[Site "Mosca"]
[Date "30.12.2019"]
[Round "18.9"]
[White "Sarana, Alexey"]
[Black "Jobava, Baadur"]
[Result "1-0"]
[WhiteTitle "GM"]
[BlackTitle "GM"]
[WhiteElo "2663"]
[BlackElo "2604"]
[WhiteFideId "24133795"]
[BlackFideId "13601520"]
[EventDate "2019.12.29"]

1. d4 d5 2. Nf3 c6 3. c4 Nf6 4. Nc3 dxc4 5. a4 Bf5 6. Ne5 Nbd7 7. Nxc4 Qc7 8. g3
Rd8 9. Bf4 Qc8 10. Bg2 Be6 11. Nd2 g6 12. O-O Bg7 13. Qc2 O-O 14. e4 Nb6 15. a5
Nc4 16. Nxc4 Bxc4 17. Rfd1 h6 18. h3 g5 19. Be3 Qe6 20. Ra3 Qc8 21. b3 Be6 22.
Kh2 Ne8 23. a6 b6 24. e5 Nc7 25. Qe2 Nd5 26. Nxd5 Bxd5 27. Rc1 Bxg2 28. Kxg2 Qd7
29. Qf3 Rc8 30. b4 f6 31. e6 Qxe6 32. Rac3 Qa2 33. Rxc6 Rxc6 34. Qxc6 Qxa6 35.
Qe6+ Rf7 36. d5 Qd3 37. Rc7 Bf8 38. Rxa7 b5 39. Bc5 Kg7 40. d6 Qc4 41. Qxc4 bxc4
42. d7 1-0

[Event "Mondiale Lampo FIDE 2019"]
[Site "Mosca"]
[Date "30.12.2019"]
[Round "18.10"]
[White "Tomashevsky, Evgeny"]
[Black "Aronian, Levon"]
[Result "1/2-1/2"]
[WhiteTitle "GM"]
[BlackTitle "GM"]
[WhiteElo "2705"]
[BlackElo "2775"]
[WhiteFideId "4147235"]
[BlackFideId "13300474"]
[EventDate "2019.12.29"]

1. c4 Nf6 2. Nc3 e5 3. Nf3 Nc6 4. g3 Bb4 5. Nd5 e4 6. Nh4 O-O 7. Bg2 d6 8. Nxb4
Nxb4 9. a3 Nc6 10. d3 d5 11. O-O exd3 12. exd3 Bg4 13. Bf3 Bh3 14. Re1 Nd4 15.
Bh1 Bg4 16. f3 Be6 17. Be3 Nc6 18. b3 a5 19. Rc1 Re8 20. f4 Bg4 21. Qd2 Qd6 22.
Bg2 dxc4 23. dxc4 Qxa3 24. h3 Rad8 25. Qc3 Bc8 26. g4 Ne4 27. Qc2 Nb4 28. Qb1
Nd3 29. Bxe4 Rxe4 30. Rcd1 Qd6 31. Nf3 b6 32. Ne5 Rxe5 33. fxe5 Qxe5 34. Rxd3
Qg3+ 35. Kf1 Qxh3+ 36. Ke2 Bxg4+ 37. Kd2 Re8 38. Rd4 Bf5 39. Bf2 1/2-1/2

[Event "Mondiale Lampo FIDE 2019"]
[Site "Mosca"]
[Date "30.12.2019"]
[Round "18.11"]
[White "Karjakin, Sergey"]
[Black "Sychev, Klementy"]
[Result "1-0"]
[WhiteTitle "GM"]
[BlackTitle "GM"]
[WhiteElo "2754"]
[BlackElo "2563"]
[WhiteFideId "14109603"]
[BlackFideId "4114060"]
[EventDate "2019.12.29"]

1. e4 e5 2. Nf3 Nc6 3. Bc4 Nf6 4. d3 Bc5 5. c3 O-O 6. O-O d5 7. exd5 Nxd5 8. Re1
Bg4 9. h3 Bh5 10. Nbd2 Bb6 11. Ne4 f6 12. a4 a6 13. Be3 Bxe3 14. fxe3 Bf7 15. d4
Qe7 16. a5 Kh8 17. Qb3 Rad8 18. Qxb7 Nb8 19. Qb3 h6 20. Qa3 Qe8 21. Qa4 Qe7 22.
Nc5 e4 23. Nd2 f5 24. Bxd5 Bxd5 25. c4 Bg8 26. Qc2 Rd6 27. Rf1 Rg6 28. Rf2 Qg5
29. Re1 Re8 30. d5 Qe7 31. b4 Qe5 32. Ndb3 Qg3 33. Nd4 f4 34. Nf5 Qxh3 35. Rxf4
Re5 36. Ref1 Rxf5 37. d6 1-0

[Event "Mondiale Lampo FIDE 2019"]
[Site "Mosca"]
[Date "30.12.2019"]
[Round "18.12"]
[White "Mamedov, Rauf"]
[Black "Nepomniachtchi, Ian"]
[Result "1-0"]
[WhiteTitle "GM"]
[BlackTitle "GM"]
[WhiteElo "2659"]
[BlackElo "2767"]
[WhiteFideId "13401653"]
[BlackFideId "4168119"]
[EventDate "2019.12.29"]

1. e4 c6 2. Nc3 d5 3. Nf3 dxe4 4. Nxe4 Nf6 5. Qe2 e6 6. Nxf6+ Qxf6 7. d4 Qd8 8.
c3 Nd7 9. g3 Be7 10. Bg2 O-O 11. O-O Nf6 12. Ne5 Nd7 13. Nd3 a5 14. Bf4 a4 15.
Rad1 Qb6 16. Rfe1 Ra5 17. c4 Bf6 18. Bd6 Bxd4 19. Bxf8 Nxf8 20. Rb1 Qc7 21. b4
axb3 22. axb3 Rf5 23. Kh1 Rf6 24. f4 c5 25. Ne5 Rh6 26. Nf3 Bf6 27. Rbd1 Bc3 28.
Rf1 b6 29. Qd3 Bf6 30. Qd6 Qa7 31. Ne5 Bb7 32. Ng4 Bxg2+ 33. Kxg2 Rg6 34. Nxf6+
gxf6 35. Qc6 Qa2+ 36. Rf2 Qxb3 37. Rd8 Kg7 38. Qe8 Kh6 39. Qxf8+ Rg7 40. Qe7 Qc3
41. Rdd2 Kg6 42. Rc2 Qd3 43. Qb7 f5 44. Qf3 Qd4 45. Rfd2 Qa1 46. Qc3 Qe1 47. Re2
Qd1 48. Rcd2 Qb1 49. Qc2 Qa1 50. Qb2 Qa8+ 51. Kf2 Qh1 52. Ke3 Qe4+ 53. Kf2 Qh1
54. Qxb6 Kh6 55. Ke3 Qe4+ 56. Kf2 Qh1 57. Qxc5 Qxh2+ 58. Ke3 Qg1+ 59. Rf2 Qe1+
60. Kd3 Rxg3+ 61. Kc2 Kg7 62. Qd4+ Kh6 63. Rh2+ Kg6 64. Rhg2 h5 65. Rxg3+ Qxg3
66. c5 Qf3 67. Qc3 Qe4+ 68. Kb2 Qb7+ 69. Kc1 Qc6 70. Rd8 f6 71. Qg3+ 1-0

[Event "Mondiale Lampo FIDE 2019"]
[Site "Mosca"]
[Date "30.12.2019"]
[Round "18.13"]
[White "Shimanov, Aleksandr"]
[Black "Andreikin, Dmitry"]
[Result "1/2-1/2"]
[WhiteTitle "GM"]
[BlackTitle "GM"]
[WhiteElo "2587"]
[BlackElo "2724"]
[WhiteFideId "4198603"]
[BlackFideId "4158814"]
[EventDate "2019.12.29"]

1. d4 Nf6 2. Bg5 g6 3. Bxf6 exf6 4. c4 d5 5. cxd5 Qxd5 6. Nc3 Qd8 7. e3 f5 8.
Bc4 Bd6 9. Nge2 Nd7 10. h4 h5 11. g3 Nf6 12. Qc2 c6 13. Nf4 Qe7 14. O-O-O Bd7
15. Kb1 b5 16. Be2 O-O 17. Bf3 Rac8 18. Nd3 c5 19. dxc5 Bxc5 20. Nxc5 Rxc5 21.
Qd2 Be6 22. Qd6 Qxd6 23. Rxd6 b4 24. Ne2 Kg7 25. Rc1 Rfc8 26. Rxc5 Rxc5 27. Nd4
Bc4 28. Rc6 Bd3+ 29. Ka1 Ra5 30. b3 Be4 31. Bxe4 Nxe4 32. Rc2 Rc5 33. Rxc5 Nxc5
34. Nc6 Ne4 35. Nxa7 Nxf2 36. Nc6 Ne4 37. Nxb4 Nxg3 38. a4 g5 39. hxg5 h4 40.
Nd3 h3 41. Nf2 h2 42. a5 Ne4 43. Nh1 Nd6 44. a6 Nc8 45. Kb2 Kg6 46. b4 Kxg5 47.
b5 Kg4 48. Kc3 Kf3 49. Kd2 Kg2 50. Ke2 Kxh1 51. Kf1 Nb6 52. a7 Na8 53. Kf2 Nb6
54. Kf1 Na8 55. Kf2 Nb6 1/2-1/2

[Event "Mondiale Lampo FIDE 2019"]
[Site "Mosca"]
[Date "30.12.2019"]
[Round "18.14"]
[White "Quparadze, Giga"]
[Black "Zubov, Alexander"]
[Result "0-1"]
[WhiteTitle "GM"]
[BlackTitle "GM"]
[WhiteElo "2462"]
[BlackElo "2601"]
[WhiteFideId "13602250"]
[BlackFideId "14109409"]
[EventDate "2019.12.29"]

1. e4 c5 2. Nf3 e6 3. d4 cxd4 4. Nxd4 a6 5. Nc3 d6 6. Be2 Nf6 7. O-O Be7 8. a4
b6 9. Be3 Bb7 10. f3 Nbd7 11. Nb3 O-O 12. Kh1 Qc7 13. Qe1 Ne5 14. Qf2 Nfd7 15.
Bd4 Rfe8 16. Qg3 Bf8 17. Rfd1 Rac8 18. Be3 Nc5 19. Nxc5 bxc5 20. Bf4 f6 21. Be3
Rcd8 22. f4 Nc6 23. f5 exf5 24. Bc4+ Kh8 25. exf5 Nb4 26. Rd2 Qe7 27. Be6 d5 28.
Ne2 d4 29. Nf4 g5 30. Bg1 Qg7 31. Nd3 Bd6 32. Qg4 Nd5 33. c4 Nc7 34. b4 cxb4 35.
Bxd4 Be7 36. Rad1 Nxe6 37. fxe6 Kg8 38. Bb6 Rc8 39. c5 b3 40. Nb2 Qg6 41. Nc4 f5
42. Qg3 f4 43. Qxb3 Qxe6 44. Na5 Qxb3 45. Nxb3 f3 46. Na5 fxg2+ 47. Kg1 Bf3 48.
Rc1 g4 49. Rxg2 Bg5 50. Rcc2 Re1+ 51. Kf2 Rce8 52. c6 R8e2+ 53. Kg3 Rxg2+ 54.
Rxg2 Bxg2 55. Kxg2 Rc1 56. Kg3 h5 57. c7 Be7 58. Kf4 Bd6+ 59. Kg5 Bxc7 60. Be3
Rc2 61. Kxh5 Bxa5 0-1

[Event "Mondiale Lampo FIDE 2019"]
[Site "Mosca"]
[Date "30.12.2019"]
[Round "18.15"]
[White "Dreev, Aleksey"]
[Black "Fedoseev, Vladimir3"]
[Result "0-1"]
[WhiteTitle "GM"]
[BlackTitle "GM"]
[WhiteElo "2677"]
[BlackElo "2677"]
[WhiteFideId "4100107"]
[BlackFideId "24130737"]
[EventDate "2019.12.29"]

1. d4 Nf6 2. Nf3 e6 3. c4 c5 4. d5 exd5 5. cxd5 d6 6. Nc3 g6 7. Nd2 Bg7 8. e4
O-O 9. Be2 Re8 10. O-O Na6 11. Re1 Nc7 12. h3 Rb8 13. a4 Nd7 14. Nc4 Ne5 15. Bf4
Nxc4 16. Bxc4 a6 17. Qd3 Qd7 18. a5 b5 19. axb6 Rxb6 20. b3 Nb5 21. Na4 Rb7 22.
e5 Qd8 23. Qg3 Rbe7 24. Rad1 Bxe5 25. Bxe5 Rxe5 26. Rxe5 Rxe5 27. h4 Qe7 28. f3
Nd4 29. Nc3 Re3 30. Rc1 Bf5 31. Kh2 Bd3 32. Qf4 Bxc4 33. bxc4 Re5 34. Rb1 Kg7
35. Rb6 Rh5 36. g3 Rf5 37. Qe4 Nxf3+ 38. Kg2 Ne5 39. Ne2 Rf6 40. Nf4 Qd7 41.
Rxa6 Qg4 42. Rxd6 Rxd6 43. Qxe5+ Rf6 44. h5 Qf5 45. Qc3 g5 46. d6 gxf4 47. d7
Qxd7 48. h6+ Kg6 0-1

[Event "Mondiale Lampo FIDE 2019"]
[Site "Mosca"]
[Date "30.12.2019"]
[Round "18.16"]
[White "Mamedyarov, Shakhriyar"]
[Black "Paravyan, David"]
[Result "1-0"]
[WhiteTitle "GM"]
[BlackTitle "GM"]
[WhiteElo "2772"]
[BlackElo "2629"]
[WhiteFideId "13401319"]
[BlackFideId "4194985"]
[EventDate "2019.12.29"]

1. d4 Nf6 2. c4 g6 3. Nf3 Bg7 4. g3 c6 5. Bg2 d5 6. O-O O-O 7. a4 Be6 8. Ng5 Bf5
9. b3 c5 10. Bb2 cxd4 11. cxd5 Nxd5 12. Bxd4 e5 13. Bc5 e4 14. Bxf8 Bxa1 15.
Nxe4 Kxf8 16. Nbc3 Bxe4 17. Nxe4 Be5 18. Nc5 Nc6 19. Nxb7 Nc3 20. Nxd8 Nxd1 21.
Nxc6 1-0

[Event "Mondiale Lampo FIDE 2019"]
[Site "Mosca"]
[Date "30.12.2019"]
[Round "18.17"]
[White "Savchenko, Boris"]
[Black "Gelfand, Boris"]
[Result "1-0"]
[WhiteTitle "GM"]
[BlackTitle "GM"]
[WhiteElo "2577"]
[BlackElo "2684"]
[WhiteFideId "4147332"]
[BlackFideId "2805677"]
[EventDate "2019.12.29"]

1. e4 c5 2. Na3 Nf6 3. d3 Nc6 4. f4 g6 5. c3 d6 6. Nf3 Bg7 7. Be2 O-O 8. O-O Rb8
9. Bd2 b5 10. Rc1 b4 11. Nc2 bxc3 12. Bxc3 d5 13. e5 Nh5 14. Ng5 f6 15. Bxh5
fxg5 16. Bf3 gxf4 17. d4 cxd4 18. Nxd4 Nxe5 19. Kh1 Nxf3 20. Nc6 Qd6 21. Bxg7
Kxg7 22. Nxb8 Nxh2 23. Kxh2 Qxb8 24. Qd4+ e5 25. Qc3 Bf5 26. Rfe1 Be4 27. Qc7+
Kh6 28. b3 f3 29. gxf3 Qxc7 30. Rxc7 Rxf3 31. Rxa7 g5 32. b4 g4 33. Kg1 Rh3 34.
Kf2 g3+ 35. Ke3 g2+ 36. Kf2 Rd3 37. b5 Rd2+ 38. Kg1 Rb2 39. a4 Kg5 40. Rb7 h5
41. a5 Kf4 42. a6 d4 43. Rf7+ Kg3 44. a7 d3 45. Rg7+ Kh3 46. Rxe4 Rb1+ 47. Kf2
Rf1+ 48. Ke3 Ra1 49. b6 Kh2 50. Rxg2+ Kxg2 51. b7 1-0